Historia de el arte egipcio / (Record no. 159302)

MARC details
000 -LEADER
campo de control de longitud fija 00814nam a2200205 i 4500
001 - NÚMERO DE CONTROL
campo de control 159302
003 - IDENTIFICADOR DE NÚMERO DE CONTROL
campo de control ES-MaACL
005 - FECHA Y HORA DE LA ÚLTIMA TRANSACCIÓN
campo de control 20250812014740.0
008 - DATOS DE LONGITUD FIJA--INFORMACIÓN GENERAL
campo de control de longitud fija 981002q1897 sp a |||| | spa d
100 1# - ENTRADA PRINCIPAL--NOMBRE DE PERSONA
Nombre de persona Mélida y Alinari, José Ramón,
Fechas asociadas al nombre 1856-1933
9 (RLIN) 79969
245 10 - MENCIÓN DEL TÍTULO
Título Historia de el arte egipcio /
Mención de responsabilidad, etc. por José Ramón Mélida.
246 3# - FORMA VARIANTE DEL TITULO
Título propio/Titulo breve Historia del arte egipcio
260 ## - PUBLICACIÓN, DISTRIBUCIÓN, ETC.
Lugar de publicación, distribución, etc. Madrid :
Nombre del editor, distribuidor, etc. La España Editorial,
Fecha de publicación, distribución, etc. [1897] (
Fabricante Imp. de Felipe Marqués)
300 ## - DESCRIPCIÓN FÍSICA
Extensión XIII, 238 p. :
Otras características físicas il. ;
Dimensiones 19 cm.
530 ## - NOTA DISPONIBLE DE FORMULARIO FÍSICO ADICIONAL
Nota de formato físico adicional disponible Disponible en formato digital.
650 07 - PUNTO DE ACCESO ADICIONAL DE MATERIA--TÉRMINO DE MATERIA
Término de materia o nombre geográfico como elemento de entrada Arte egipcio
Fuente del encabezamiento o término embne
9 (RLIN) 10185
852 ## - LOCALIZACIÓN
Ubicación ES-MaACL
Número de control de estantería B-3050
Nota libre - Enc. pasta española
-- . - Dedicatoria autógrafa del autor
856 ## - LOCALIZACIÓN Y ACCESO ELECTRÓNICOS
Identificador Uniforme de Recursos <a href="http://bdh-rd.bne.es/viewer.vm?id=0000191764&page=1 ">http://bdh-rd.bne.es/viewer.vm?id=0000191764&page=1 </a>
Nota pública Biblioteca Digital Hispánica
Holdings
Estatus retirado Estado de pérdida Estado de daño No para préstamo Colección Biblioteca de origen Biblioteca actual Ubicación en estantería Fecha de adquisición Fuente de adquisición Total de préstamos Signatura topográfica completa Código de barras Visto por última vez Precio de reemplazo Tipo de ítem Koha
        Colección digital Biblioteca del Ateneo de Madrid Biblioteca del Ateneo de Madrid Sala Pardo Bazán 17/01/2008     B-3050 1166763 23/02/2023 23/02/2023 Libro impreso antiguo